[Event "SRI-ch Dini"]
[Site "Colombo"]
[Date "2024.07.29"]
[Round "1"]
[White "Gnanaseelan, Jude Dorison"]
[Black "Pehesara, PG Nithuni"]
[Result "1/2-1/2"]
[WhiteElo "1776"]
[BlackElo "1676"]
[PlyCount "150"]
[EventDate "2024.07.29"]
[EventType "swiss"]
[EventRounds "10"]
[EventCountry "SRI"]
[SourceTitle "CBM 221 Extra"]
[Source "ChessBase"]
[SourceDate "2024.09.30"]
[SourceVersion "1"]
[SourceVersionDate "2024.09.30"]
[SourceQuality "1"]

1. e4 c5 2. Nf3 Nc6 3. Bb5 g6 4. 0-0 Bg7 5. Re1 e6 6. c3 Nge7 7. d4 cxd4 8. cxd4 Qb6 9. Bxc6 bxc6 10. Nc3 0-0 11. b3 Bb7 12. Na4 Qc7 13. Ba3 d6 14. Rc1 Rfe8 15. Qd2 Qd8 16. Qb4 Qc8 17. Qxd6 Bf8 18. Qe5 Bg7 19. Qg5 Qc7 20. d5 exd5 21. exd5 Nf5 22. Qg4 Rxe1+ 23. Nxe1 Bh6 24. Rc2 Qe5 25. Re2 Qxd5 26. Nc5 Bf8 27. Ne4 Bg7 28. Nc5 Bf8 29. Ne4 Bg7 30. Rd2 Qe6 31. Nf3 h5 32. Qf4 Re8 33. Nfg5 Qe5 34. Qxe5 Bxe5 35. Rd7 f6 36. Nf7 Bc8 37. Rxa7 Bd4 38. Rc7 Rxe4 39. Rxc8+ Kxf7 40. Kf1 Re6 41. Bb4 Bb6 42. a4 Nd4 43. a5 Bxa5 44. Bxa5 Nxb3 45. Bb4 c5 46. Bc3 Ke7 47. g3 Kd6 48. h4 Kd5 49. Rf8 f5 50. Bf6 Nd2+ 51. Kg2 Ne4 52. Bb2 c4 53. f3 Nd6 54. Ba3 c3 55. Rd8 c2 56. Kf2 Ke5 57. Bxd6+ Rxd6 58. Rc8 Rd2+ 59. Ke3 Rg2 60. Rc5+ Kd6 61. Rc3 Kd5 62. Rc8 Rxg3 63. Rxc2 Rh3 64. Rg2 Rxh4 65. Rxg6 Ke5 66. Rg8 f4+ 67. Kf2 Kf6 68. Kg2 Ke5 69. Re8+ Kf6 70. Re1 Kg5 71. Re5+ Kf6 72. Re1 Kf5 73. Re8 Kf6 74. Re1 Kf5 75. Re8 Kf6 1/2-1/2